000 00815cab a2200253 4500
001 ABS58499
008 090401t1998 xxu||||| |||| 00| 0 eng d
035 _a(Sirsi) u85305
041 _aeng
100 _aBarclay, M.
245 _aI spy profit
260 _c1998
350 _a0
490 _aEstates Gazette
_v(9812) 21 March 1998, 124-126(3)
520 _aExplains how the appeal court`s decision on British double-agent George Blake`s memoirs could make it easier for property litigants to win restitutionary damages.
650 _aATTORNEY GENERAL V BLAKE
650 _aBREACH OF COVENANT
650 _aRESTITUTIONARY DAMAGES
650 _aWROTHAM PARK ESTATE CO LTD V PARKSIDE HOMES LTD
690 _aPROPERTY LAW AND PRACTICE
700 _aJourdan, S.
942 _n0
948 _c30/03/1998
999 _c53633
_d53633